• 首页
  • 本馆介绍
  • 公告通知
  • 最新文献
  • 馆藏检索
  • 电子资源
  • 读者导购
  • 参考咨询
  • 我的图书馆
  • 登录
  • 详细信息显示
  • 放入我的书架
  • 预约/预借图书
  • 作者相关作品
  • 分类相关作品
  • 丛书相关作品
  • 出版社相关作品

书目信息

  • 表格格式
  • 工作单格式
  • 卡片格式
题名:
古代西亚塞姆语和印欧语楔形文字和语言
    
 
作者: 吴宇虹 著
分册:  
出版信息: 长春   东北师范大学出版社  2015
页数: 364页
开本: 21cm
丛书名: 东北师范大学文库
单 册:
中图分类: H67 , H7
科图分类:
主题词: 塞含语系--研究--西亚--古代 , 印欧语系--研究--西亚--古代 , 楔形文字--研究--西亚
电子资源:
ISBN: 978-7-5681-0365-7
000 00983nam0 2200301 450
001 012001004136
005 20180929092656.90
010    @a978-7-5681-0365-7@dCNY65.00
100    @a20150712d2015 em y0chiy50 ea
101 0  @achi
102    @aCN@b220000
105    @ay z 000yy
106    @ar
200 1  @a古代西亚塞姆语和印欧语楔形文字和语言@9gu dai xi ya sai mu yu he yin ou yu xie xing wen zi he yu yan@f吴宇虹等著
205    @a2版
210    @a长春@c东北师范大学出版社@d2015
215    @a364页@d21cm
225 1  @a东北师范大学文库
330    @a本书分为三章,内容包括:阿卡德语楔形文字入门、赫梯语法初探、古代乌旮瑞特塞姆语楔形字母文字语法研究。
461  0 @12001 @a东北师范大学文库
606 0  @a塞含语系@x研究@y西亚@z古代
606 0  @a印欧语系@x研究@y西亚@z古代
606 0  @a楔形文字@x研究@y西亚
690    @aH67@v5
690    @aH7@v5
701  0 @a吴宇虹@9wu yu hong@f(1949.5-)@4著
801  0 @aCN@b上海新华@c20180901
905    @b1165686-90@dH67@e5=2@f5
    
    古代西亚塞姆语和印欧语楔形文字和语言/吴宇虹等著.-2版.-长春:东北师范大学出版社,2015
    364页;21cm.-(东北师范大学文库)
    
    
    ISBN 978-7-5681-0365-7:CNY65.00
    本书分为三章,内容包括:阿卡德语楔形文字入门、赫梯语法初探、古代乌旮瑞特塞姆语楔形字母文字语法研究。
●
相关链接 在E读中查询图书 在五车中查询图书 在当当中查询图书 在豆瓣中查询图书


正题名:古代西亚塞姆语和印欧语楔形文字和语言     索取号:H67/5=2         预约/预借

序号 登录号 条形码 馆藏地/架位号 状态 备注
1 1165686   211656867   第二样本阅览室/ [索取号:H67/5=2] 在馆    
2 1165687   211656876   第四借阅区/ [索取号:H67/5=2] 在馆    
3 1165688   211656885   第四借阅区/ [索取号:H67/5=2] 在馆    
4 1165689   211656894   第四借阅区/ [索取号:H67/5=2] 在馆    
5 1165690   211656901   密集书库-资源管理系/ [索取号:H67/5=2] 在馆    
唐山师范学院图书馆 欢迎您!
大连网信软件有限公司© 版权所有